Проблеми людського буття а романах "Біси" Ф. Достоєвського та "Авесалом" В. Фолкнера (Запис № 283421)

МАРК-запис
000 -LEADER
fixed length control field 01895nam a22001577a 4500
041 ## - LANGUAGE CODE
Language code of text/sound track or separate title ukr
080 ## - UNIVERSAL DECIMAL CLASSIFICATION NUMBER
Universal Decimal Classification number 09
090 ## - LOCALLY ASSIGNED LC-TYPE CALL NUMBER (OCLC); LOCAL CALL NUMBER (OCLC)
Local cutter number (OCLC) ; Book number/undivided call number, CALL (RLIN) СТЕ
100 ## - MAIN ENTRY--PERSONAL NAME
Personal name Степанюк О. О.
245 ## - TITLE STATEMENT
Title Проблеми людського буття а романах "Біси" Ф. Достоєвського та "Авесалом" В. Фолкнера
260 ## - PUBLICATION, DISTRIBUTION, ETC. (IMPRINT)
Place of publication, distribution, etc Острог
Name of publisher, distributor, etc КАФ
Date of publication, distribution, etc 2006
300 ## - PHYSICAL DESCRIPTION
Extent 57
520 ## - SUMMARY, ETC.
Summary, etc Вступ.<br/>Розділ 1. Філософсько-естетичне осмислення людського буття.<br/>1.1. Історичне підгрунтя "Бісів" Ф. Достоєвського та "Аваселому" В. Фолкнера.<br/>1.2. "Надлюдина" Ф. Ніцше та "маленькі особистості" В. Фолкнера і Ф. Достоєвського.<br/>1.3. Архетип дитини та матері у романах.<br/>Розділ 2. Пошуки сенсусмерті у романах.<br/>2.1. Проблема самогубства у творах "Авесалом" В.Фолкнера та "Біси" Ф. Достоєвського.<br/>2.2. Нівеляція mens sana "маленької людини".<br/>Розділ 3. Релігійна проблематика "Бісів" та "Авесалому".<br/>3.1. Біблійські сентенції у романі "Біси".<br/>3.1.1. Ідейно-художнє вираження есхатологічних ідей.<br/>3.1.2. Воскресіння "маленької людини" та утопія вічного життя.<br/>3.2. Біблійна основа роману "Авесалом".<br/>3.2.1. Сакральна притча як смислова й композиційна модель твору.<br/>3.2.2. Мотив людинобога і людинобагача.<br/>Висновки.
-- літературознавсто
650 ## - SUBJECT ADDED ENTRY--TOPICAL TERM
Topical term or geographic name as entry element Research Papers
942 ## - ADDED ENTRY ELEMENTS (KOHA)
Koha item type Книги
Фонди
Withdrawn status Lost status Source of classification or shelving scheme Damaged status Not for loan Home library Current library Date acquired Source of acquisition Coded location qualifier Cost, normal purchase price Total Checkouts Full call number Barcode Date last seen Price effective from Koha item type
    Universal Decimal Classification     ВІЛ - Відділ іноземн. літератури НБ ВІЛ - Відділ іноземн. літератури НБ 29/01/2019 Ретроспекція В13 1.00   09 212231 15/12/2021 29/01/2019 Книги